| 000 | 01175nam a22003257a 4500 | ||
|---|---|---|---|
| 003 | CHAP | ||
| 005 | 20220329140441.0 | ||
| 008 | 971013s1984 r 00010 d | ||
| 010 | _a52174 | ||
| 011 | _a53146 | ||
| 035 | _a57296 | ||
| 040 | _cCHAP | ||
| 090 | _aTesis | ||
| 100 | 0 | 0 |
_aRomero Lanuza, Juan Enrique. _999607 |
| 245 | _aEnsayo de rendimiento y estudio de caracteres agronómicos de 4 variedades y 5 híbridos de girasol (Helianthus annuus L.) en Apodaca, N. L. verano, 1983 | ||
| 260 |
_aMonterrey, N. L. : _bEl autor, _c1984 |
||
| 300 | _a34 h. | ||
| 502 | _aTesis (Ing. Agr. Esp. en Producción Agropecuaria) -- ITESM. División de Ciencias Agropecuarias y Marítimas | ||
| 590 |
_aALEPH _b10 _c20130110 _lUCH01 _h1328 |
||
| 590 |
_aBATCH-UPD _b10 _c20130110 _lUCH01 _h0553 |
||
| 590 |
_aBATCH-UPD _b10 _c20130410 _lUCH01 _h0234 |
||
| 590 |
_aBATCH-UPD _b10 _c20130914 _lUCH01 _h1544 |
||
| 590 |
_aCONVERSION _b10 _c20130109 _lUCH01 _h1328 |
||
| 650 | 1 | 4 |
_aGirasol _xHíbridos. _948154 |
| 650 | 1 | 4 |
_aGirasol _xRendimiento. _948171 |
| 650 | 1 | 4 |
_aGirasol _xVariedades. _948186 |
| 901 | _aBK | ||
| 942 | _cTESIS | ||
| 949 |
_bBC _cTES _d-124728 _eTS1 _h17614 _i57296 _si |
||
| 999 |
_c52174 _d52174 |
||